Being Mrs. Skin : 20 year of nip slips, cheek peeks, and fast-forwarding to the good parts

Bibliographic Details
Main Author: McBride, Jim Mr. Skin
Format: Book
Published: New York : Post Hill Press Book , 2019
Subjects:

MARC

LEADER 00000cam a2200000 7i4500
001 0000242590
005 20201120110219.0
020 |a 9781642930320 
090 0 0 |a 302.231092   |b MCB 
100 1 |a McBride, Jim Mr. Skin 
245 1 0 |a Being Mrs. Skin :   |b 20 year of nip slips, cheek peeks, and fast-forwarding to the good parts   |c Jim Mr. Skin McBride with Mathew Klickstein 
260 |a New York :   |b Post Hill Press Book ,   |c 2019 
300 |a 198p. ;   |c 24cm. 
650 0 |a Internet personalities   |z United States   |v Biography 
650 0 |a Nudity in motion pictures 
999 |a 00380826   |b BUKU   |c PINJAMAN   |e PERPUSTAKAAN KOMUNITI PETALING JAYA